Land degradation & development.

Seeks to promote rational study of the recognition, monitoring, control and rehabilitation of degradation in terrestial environments and to maintain an interdisciplinary and international content.

Guardat en:
Dades bibliogràfiques
Títol anterior:Land degradation & rehabilitation
Format: Revista
Idioma:English
Publicat: Chichester, West Sussex, England : Wiley, c1996-
Matèries:
Accés en línia:Full text (Wiley Online Library)
http://www3.interscience.wiley.com/cgi-bin/jhome/6175
LEADER 04236cas a2200985 a 4500
001 c000399848
003 CARM
005 20160408171052.0
006 aa |||||||||| ||
007 cr unu uuuuu
008 160310c19969999xxkbr p 0 a0eng d
010 |a 96657063  |z sn 95001017 
015 |a GB9655778  |2 bnb 
016 7 |a 1319202-4  |2 DE-600 
016 7 |a 011118939  |2 Uk 
016 7 |a 018229921  |2 de-101 
016 7 |a 13192024  |2 de-600 
019 1 |a 12504969  |5 LACONCORD2021 
022 |a 1085-3278 
022 |a 1099-145X 
024 7 |a 01751417  |2 swets 
030 |a LDDEF6 
035 |a (OCoLC)33330297  |5 LACONCORD2021 
040 |a NSDP  |b eng  |c NSDP  |d OUCA  |d NSDP  |d MH  |d DNAL  |d DLC  |d PPBIO  |d CU-S  |d NSDP  |d LC 
042 |a nsdp  |a lc 
050 0 0 |a S622  |b .L36 
070 0 |a S622.L26 
072 0 |a J800 
072 0 |a P300 
072 0 |a J800 
082 0 4 |a 631.45  |2 23 
210 0 |a Land degrad. dev.  |b (Print) 
222 0 |a Land degradation & development  |b (Print) 
245 0 0 |a Land degradation & development. 
246 3 |a Land degradation and development 
260 |a Chichester, West Sussex, England :  |b Wiley,  |c c1996- 
300 |a v. :  |b ill. ;  |c 26-27 cm. 
310 |a Quarterly 
321 |a Quarterly,  |b 1996-1997 
321 |a Bimonthly,  |b 1998- 
336 |a text  |b txt  |2 rdacontent 
337 |a unmediated  |b n  |2 rdamedia 
338 |a volume  |b nc  |2 rdacarrier 
362 0 |a Vol.7, issue no.1 (Mar. 1996)- 
500 |a Title from cover. 
506 |a Restricted to licenced organisations with IP address. 
510 1 |a Bibliography of agriculture,  |x 0006-1530 
510 2 |a Biological Abstracts,  |x 0006-3169,  |b 1996- 
520 |a Seeks to promote rational study of the recognition, monitoring, control and rehabilitation of degradation in terrestial environments and to maintain an interdisciplinary and international content. 
530 |a Also available by subscription via the World Wide Web. 
580 |a Continues: Land degradation & rehabilitation. 
588 |a Latest issue consulted: Vol. 16, no. 6 (Nov.-Dec. 2005) 
650 0 |a Soil conservation  |v Periodicals. 
650 1 7 |a Bodemdegradatie.  |2 gtt 
650 0 |a Land use  |v Periodicals. 
650 0 |a Economic development  |x Environmental aspects  |v Periodicals. 
650 0 7 |a Landnutzung.  |2 swd 
650 0 7 |a Degradation.  |2 swd 
650 0 |a Land degradation  |v Periodicals. 
650 0 7 |a Zeitschrift.  |2 swd 
650 4 |a Soil reclamation  |v Periodicals. 
650 0 |a Soil degradation  |v Periodicals. 
650 0 |a Reclamation of land  |v Periodicals. 
650 0 |a Land use  |x Environmental aspects  |v Periodicals. 
653 1 |a Land  |a Development 
655 7 |a Electronic journals.  |2 lcsh 
730 0 |a Land degradation & rehabilitation 
776 1 |t Land degradation & development  |x 1099-145X  |w (DLC) 2001212296 
780 0 0 |t Land degradation & rehabilitation  |x 0898-5812  |w (DLC) 90649066  |w (OCoLC)17853557 
852 8 |b CARM  |p 0629624  |j 9:1(1998)-9:3(1998), 9:5(1998)  |f SE 
852 8 |b CARM  |p 0629721  |j 7:1(1996:03)-8:4(1997:12), 10:1(1999)-11:6(2000)  |f SE 
852 8 |b CARM  |p 0629726  |j 12:1(2001)-12:6(2001)  |f SE 
852 8 |b SCAN  |h A3:AH23C0  |i F09392  |p 0629624  |f SE 
852 8 |b SCAN  |h A3:AH27C0  |i F09409  |p 0629721  |f SE 
852 8 |b SCAN  |h A3:AH29C0  |i F09417  |p 0629726  |f SE 
866 0 |a 7:1(1996:03) - 12:6(2001) Incomplete 
856 4 |z Full text (Wiley Online Library)  |x Wiley  |u http://onlinelibrary.wiley.com/journal/10.1002/(ISSN)1099-145X/issues 
856 4 1 |a Wiley InterScience  |u http://www3.interscience.wiley.com/cgi-bin/jhome/6175 
999 f f |i e016d4c9-23d2-530a-96ce-455f6e0256e1  |s e97b3cc1-f9e7-59ea-a57a-0b36e65619eb 
952 f f |p Can circulate  |a CAVAL  |b CAVAL  |c CAVAL  |d CARM 1 Store  |i book  |k 12:1(2001)-12:6(2001)  |m 0629726 
952 f f |p Can circulate  |a CAVAL  |b CAVAL  |c CAVAL  |d CARM 1 Store  |i book  |k 9:1(1998)-9:3(1998), 9:5(1998)  |m 0629624 
952 f f |p Can circulate  |a CAVAL  |b CAVAL  |c CAVAL  |d CARM 1 Store  |i book  |k 7:1(1996:03)-8:4(1997:12), 10:1(1999)-11:6(2000)  |m 0629721 
952 f f |a CAVAL  |b CAVAL  |c CAVAL  |d Unmapped Location  |e F09409  |f A3:AH27C0  |h Other scheme 
952 f f |a CAVAL  |b CAVAL  |c CAVAL  |d Unmapped Location  |e F09417  |f A3:AH29C0  |h Other scheme 
952 f f |a CAVAL  |b CAVAL  |c CAVAL  |d Unmapped Location  |e F09392  |f A3:AH23C0  |h Other scheme